<?xml version="1.0" encoding="UTF-8"?>
<marc:record xmlns:marc="http://www.loc.gov/MARC21/slim">
   <marc:leader>00000nam a2200000 a 4500</marc:leader>
   <marc:datafield ind1="1" ind2=" " tag="100">
      <marc:subfield code="a">Badiou, Alain</marc:subfield>
      <marc:subfield code="4">aut</marc:subfield>
      <marc:subfield code="e">Verfasser/-in</marc:subfield>
   </marc:datafield>
   <marc:datafield ind1="1" ind2=" " tag="100">
      <marc:subfield code="a">Engelmann, Peter</marc:subfield>
      <marc:subfield code="4">edt</marc:subfield>
      <marc:subfield code="e">Bearbeiter/-in</marc:subfield>
   </marc:datafield>
   <marc:datafield ind1="1" ind2=" " tag="100">
      <marc:subfield code="a">Steurer-Boulard, Richard</marc:subfield>
      <marc:subfield code="4">trl</marc:subfield>
      <marc:subfield code="e">Übersetzer/-in</marc:subfield>
   </marc:datafield>
   <marc:datafield ind1=" " ind2=" " tag="653">
      <marc:subfield code="a">Marxismus</marc:subfield>
   </marc:datafield>
   <marc:datafield ind1=" " ind2=" " tag="653">
      <marc:subfield code="a">Kapitalismus</marc:subfield>
   </marc:datafield>
   <marc:datafield ind1=" " ind2=" " tag="653">
      <marc:subfield code="a">Modernität</marc:subfield>
   </marc:datafield>
   <marc:datafield ind1=" " ind2=" " tag="653">
      <marc:subfield code="a">Softcover / Philosophie/20.</marc:subfield>
   </marc:datafield>
   <marc:datafield ind1=" " ind2=" " tag="653">
      <marc:subfield code="a">21. Jahrhundert</marc:subfield>
   </marc:datafield>
   <marc:datafield ind1=" " ind2=" " tag="653">
      <marc:subfield code="a">Konferenzschrift</marc:subfield>
   </marc:datafield>
   <marc:datafield ind1="0" ind2="0" tag="245">
      <marc:subfield code="a">Was verstehe ich unter Marxismus?</marc:subfield>
   </marc:datafield>
   <marc:datafield ind1="0" ind2="0" tag="245">
      <marc:subfield code="b">Vortrag vom 18. April 2016 an der École normale supérieure</marc:subfield>
   </marc:datafield>
   <marc:datafield ind1="0" ind2="0" tag="245">
      <marc:subfield code="c">Alain Badiou ; aus dem Französischen von Richard Steuer-Boulard</marc:subfield>
   </marc:datafield>
   <marc:datafield ind1=" " ind2="1" tag="264">
      <marc:subfield code="a">Wien</marc:subfield>
      <marc:subfield code="b">Passagen Verlag</marc:subfield>
   </marc:datafield>
   <marc:datafield ind1="1" ind2=" " tag="490">
      <marc:subfield code="a">Passagen Heft</marc:subfield>
      <marc:subfield code="v">17</marc:subfield>
   </marc:datafield>
   <marc:datafield ind1=" " ind2=" " tag="250">
      <marc:subfield code="a">Deutsche Erstausgabe</marc:subfield>
   </marc:datafield>
   <marc:datafield ind1="1" ind2=" " tag="520">
      <marc:subfield code="a">Angaben aus der Verlagsmeldung

Was verstehe ich unter Marxismus? / von Alain Badiou

In einem konzisen Vortrag legt Alain Badiou sein Verständnis des Marxismus dar und verleiht dabei seiner eigenen Philosophie neues Profil.

Ausgehend von seiner persönlichen Beziehung zum Marxismus skizziert Alain Badiou seine Quellen und Entwicklungen. Dabei nimmt er eine Reihe von Verschiebungen marxistischer Begriffe vor, indem er den Akzent seiner Analyse auf den Klassenkampf und das Erkennen von Klasseninteressen legt. Auf diese Weise entsteht eine Definition des Marxismus, die ihn als „Denken der Verwandlung der Erkenntnis in Handeln“ bestimmt und den Schwierigkeiten entgeht, die mit der Definition des Marxismus als Wissenschaft oder Politik verbunden sind.
Schließlich stellt Badiou mit der Frage nach dem Marxismus auch die große Frage der Moderne: Wenn der Kapitalismus vor allem deswegen (vorerst) gewonnen hat, weil er sich mit der Moderne gleichzusetzen wusste, wie kann die kommunistische Idee vor dem Hintergrund der gegenwärtigen globalen Verhältnisses mit dem Projekt der Moderne verbunden werden?
</marc:subfield>
   </marc:datafield>
   <marc:datafield ind1=" " ind2=" " tag="020">
      <marc:subfield code="a">9783709202999</marc:subfield>
      <marc:subfield code="9">9783709202999</marc:subfield>
   </marc:datafield>
   <marc:datafield ind1=" " ind2=" " tag="020">
      <marc:subfield code="a">370920299X</marc:subfield>
      <marc:subfield code="9">370920299X</marc:subfield>
   </marc:datafield>
   <marc:datafield ind1=" " ind2=" " tag="041">
      <marc:subfield code="a">ger</marc:subfield>
   </marc:datafield>
   <marc:datafield ind1=" " ind2=" " tag="300">
      <marc:subfield code="a">60 Seiten</marc:subfield>
   </marc:datafield>
</marc:record>
